000 004090000a22001690004500
003 LK-CoMWRAF
008 230817t ||||| |||| 00| 0 eng d
040 _aLK-CoMWRAF
_dLK-CoMWRAF
_eLK-CoMWRAF
041 _aeng
082 _a300
_bKAN
100 _aKaneshan,P.C
245 _aUlakaperum pennarasikal
_b
260 _aChennai
_bVaanathi pathipakam
_c1971
300 _ap.84
650 _awomen
942 _cBK
999 _c2656
_d2656